• 首页
  • 本馆介绍
  • 公告通知
  • 最新文献
  • 馆藏检索
  • 电子资源
  • 读者导购
  • 参考咨询
  • 我的图书馆
  • 登录
  • 详细信息显示
  • 放入我的书架
  • 预约/预借图书
  • 作者相关作品
  • 分类相关作品
  • 丛书相关作品
  • 出版社相关作品

书目信息

  • 表格格式
  • 工作单格式
  • 卡片格式
题名:
《国语》历代序跋题识辑证
    
 
作者: 郭万青
分册:  
出版信息: 济南   齐鲁书社  2018.08
页数: 546页
开本: 20cm
丛书名:
单 册:
中图分类: K225.04
科图分类:
主题词: 中国--古代史--奴隶社会
电子资源:
ISBN: 978-7-5333-3981-4
000 00594nam0 2200193 450
001 2362260153
005 20241008165251.05
010    @a978-7-5333-3981-4@dCNY118.00
100    @a20230524d2018 km y0chiy0120 ea
101 0  @achi
102    @aCN@b370000
200 1  @a《国语》历代序跋题识辑证@A《Guo Yu》Li Dai Xu Ba Ti Shi Ji Zheng@f郭万青@FGuo Wan Qing
210    @a济南@c齐鲁书社@d2018.08
215    @a546页@d20cm
606 0  @a中国@x古代史@x奴隶社会
690    @aK225.04@v4
701  0 @a郭万青@AGuo Wan Qing
801  0 @aCN@b大连网信软件有限公司图书馆·11@c20241008
905    @aZUCC@dK225.04@e106
    
    《国语》历代序跋题识辑证/郭万青.-济南:齐鲁书社,2018.08
    546页;20cm
    
    
    ISBN 978-7-5333-3981-4:CNY118.00
    
●
相关链接 在E读中查询图书 在五车中查询图书 在当当中查询图书 在豆瓣中查询图书


正题名:《国语》历代序跋题识辑证     索取号:K225.04/106         预约/预借

序号 登录号 条形码 馆藏地/架位号 状态 备注
1 1052653   210526536   第二样本阅览室/ [索取号:K225.04/106] 在馆    
2 1412838   214128380   密集书库2/ [索取号:K225.04/106] 在馆    
3 1412839   214128399   密集书库2/ [索取号:K225.04/106] 在馆    
4 1412840   214128406   密集书库2/ [索取号:K225.04/106] 在馆    
5 1412841   214128415   密集书库2/ [索取号:K225.04/106] 在馆    
唐山师范学院图书馆 欢迎您!
大连网信软件有限公司© 版权所有